NBA team quizzes Denver Nuggets - Statistics

General Stats
  • This quiz has been taken 45 times
  • The average score is 8 of 10
Answer Stats
Hint Answer % Correct
how many rings do they have 1
97%
how many jerseys (player) have they retired 6
95%
what year was their most recent ring (say never if they have 0 rings) 2023
92%
rebounds leader Nikola Jokic
92%
assists leader Nikola Jokic
90%
what number did Carmelo Anthony wear for Denver 15
85%
scoring leader Alex English
72%
blocks leader Dikembe Mutombo
59%
what Is their most recent jersey retirement Dikembe Mutombo
44%
steals leader Fat Lever
38%
No matching quizzes found
Score Distribution
Percent of People with Each Score
Percentile by Number Answered
Your Score History
You have not taken this quiz